Дело о дозволении ординарному профессору Московского университета Юркевичу читать публичные лекции в данном университете

Доступно только в Электронных читальных залах Найти на картеНа карте
RUSMARC
00003752nmc2a22000003x 450
00144a9d5fe-23a5-4ff7-9073-e7c66505d46d
00520180703032757.0
100##$a20160408l18631863k l0rusy0189 ca
1010#$arus
102##$aRU
2001#$aДело о дозволении ординарному профессору Московского университета Юркевичу читать публичные лекции в данном университете
$j19 февраля 1863 г.
251##$cДело
300##$aДело
801#0$aRU
$bРГИА
$c20160408
$gRCR
801#1$aRU
$bГлавНИВЦ
$c20160408
$2rusmarc
801#2$aRU
$bПБ им. Б.Н. Ельцина
$c20180703
$gRCR
$2rusmarc
850##$aРГИА
852##$aРГИА
$eФедеральное казенное учреждение "Российский государственный исторический архив" (РГИА)
$j103
937##$hРГИА
$d12193607
$aASBIBLIO_SCAN
462#0$100175ee99a9-5750-4f16-9283-bc673fb37de8
$12001
$aДела разряда высших учебных заведений Департамента народного просвещения за 1838-1872 гг.
$1251
$cОпись
$1852
$j147
461#0$1001a74412a3-3cc5-4d21-8f0a-dfe2fbd9e72d
$12001
$aДепартамент народного просвещения Министерства народного просвещения (1803-1917)
$1251
$cФонд
$1852
$j733
215##$a5 л.
$d36,5х26 см
371##$aДокумент не является опубликованным и широко распространяемым
105##$ay###
1220#$ad
035##$a44a9d5fe-23a5-4ff7-9073-e7c66505d46d
856##$uhttp://readingroom.main.prlib.ru/item.aspx?id_node=n116619317&mode=full
Формат отображения